Born to rebel (Record no. 631974)

MARC details
000 -LEADER
fixed length control field 00703nam a2200241Ia 4500
003 - CONTROL NUMBER IDENTIFIER
control field OSt
005 - DATE AND TIME OF LATEST TRANSACTION
control field 20220926015540.0
008 - FIXED-LENGTH DATA ELEMENTS--GENERAL INFORMATION
fixed length control field 220923b |||||||| |||| 00| 0 eng d
020 ## - INTERNATIONAL STANDARD BOOK NUMBER
International Standard Book Number 0679442324
037 ## - SOURCE OF ACQUISITION
Terms of availability General Book
040 ## - CATALOGING SOURCE
Original cataloging agency RTL
Transcribing agency RTL
Language of cataloging eng
041 ## - LANGUAGE CODE
Source of code eng
Language code of text/sound track or separate title eng
100 ## - MAIN ENTRY--PERSONAL NAME
Personal name Sulloway Frank J
9 (RLIN) 55665
245 #0 - TITLE STATEMENT
Title Born to rebel
Remainder of title Birth order, family dynamics and cr
260 ## - PUBLICATION, DISTRIBUTION, ETC.
Place of publication, distribution, etc. New York
Name of publisher, distributor, etc. Pantheon Books
Date of publication, distribution, etc. 1996
300 ## - PHYSICAL DESCRIPTION
Extent xviii,653p
Dimensions cm.
500 ## - GENERAL NOTE
General note Bibliography: P 541-616; Appendix: P 369-444
942 ## - ADDED ENTRY ELEMENTS (KOHA)
Classification part Y:(G:66), N6
Koha item type General Books
Source of classification or shelving scheme Colon Classification (CC)
Holdings
Withdrawn status Lost status Damaged status Not for loan Home library Current library Date acquired Total Checkouts Full call number Barcode Date last seen Price effective from Koha item type
        Ratan Tata Library Ratan Tata Library 2022-09-26   Y:(G:66) N6 RT1324078 2022-09-26 2022-09-26 General Books
Copyright @ Delhi University Library System